[Event "Mirandola Giovanni Pico 3rd"]
[Site "Mirandola"]
[Date "2010.01.16"]
[Round "2"]
[White "Buccella, Francescantonio"]
[Black "Minelli, Giancarlo"]
[Result "1-0"]
[WhiteElo "1614"]
[BlackElo "1422"]
[PlyCount "51"]
[EventDate "2010.01.15"]
[EventType "swiss"]
[EventRounds "5"]
[EventCountry "ITA"]
[SourceTitle "EXT 2024"]
[Source "ChessBase"]
[SourceDate "2023.10.10"]
[SourceVersion "1"]
[SourceVersionDate "2023.10.10"]
[SourceQuality "1"]

1. e4 c5 2. Nf3 Nc6 3. Nc3 e6 4. d4 cxd4 5. Nxd4 Nf6 6. Ndb5 d5 7. exd5 exd5 8. Bf4 Qe7+ 9. Be2 Ne5 10. Nxd5 Nxd5 11. Qxd5 Qb4+ 12. c3 Nd3+ 13. Bxd3 Qxf4 14. 0-0 a6 15. g3 Be6 16. Qxb7 Qb8 17. Qxa8 Qxa8 18. Nc7+ Kd7 19. Nxa8 Bc5 20. Rad1 Kc6 21. Be4+ Kb5 22. Nc7+ Kb6 23. Nxe6 fxe6 24. b4 Be7 25. Rd7 Bf6 26. Rb7# 1-0